00589nam a2200169 i 450000100060000000300090000600500170001500700030003200800410003510000340007624500750011026000410018530000220022685200320024899900170028095201220029763356ES-MaACL20230906164834.0t|031209s1963 sp ||||1| spa d1 aFerrater Mora, José.95033810aTres mundos b: Cataluña, España, Europa / cJosé Ferrater Mora. aBarcelona : bE.D.H.A.S.A., c[1963] a194 p. ; c21 cm. aES-MaACLjC-23883 bR.52118 c63356d63356 00104070aATENEOMbATENEOMcDEPO2d2008-01-17eSCl0oC-23883p1066408r2023-02-23 00:00:00w2023-02-23yMONOGRAFIA